000 00784nab a2200241 u 4500
001 16057
003 HDC
007 cr bn ---aaaaa
008 210221c mydr|noo 0 a may d
040 _aHDC
245 0 _aKementerian Pertanian Minta Pengimport Bahan Ternakan Patuhi Peraturan
260 _aMalaysia:
_bBernama,
_c2004
336 _atext
_2rdacontent
337 _acomputer
_2rdamedia
338 _aonline resource
_2rdacarrier
650 _aImport industry
_910657
650 _alivestock issue
_916009
710 _aBernama
856 _zRequest full-text at [email protected]
942 _2lcc
942 _cNEWS
942 _kNSWO 008380
999 _c13373
_d13373